Most Visited Countries 2023 - Statistics

General Stats
  • This quiz has been taken 238 times
    192 since last reset
  • The average score is 19 of 24
Answer Stats
Tourists Country % Correct
82.6 France
99%
75.6 United States
99%
59.3 China
97%
35.8 United Kingdom
97%
75.6 Spain
95%
35.6 Germany
94%
52.4 Italy
94%
24 Japan
93%
35 Mexico
90%
20 Canada
88%
24.6 Russia
87%
24.8 Greece
82%
14.6 India
82%
17.2 South Korea
77%
30 Turkey
77%
32.6 Thailand
72%
15.8 Netherlands
71%
28.1 Austria
69%
17.5 Poland
67%
14.9 United Arab Emirates
66%
18 Saudi Arabia
61%
13.8 Croatia
50%
15.3 Hungary
46%
26.8 Malaysia
42%
No matching quizzes found
Score Distribution
Percent of People with Each Score
Percentile by Number Answered
Your Score History
You have not taken this quiz since the last reset